000 00509nam a2200181Ia 4500
005 20250923144459.0
008 008 250917s9999 xx 000 0 eng d
037 _aTextual
040 _aDSWL
_beng
_cDSWL
041 _aeng
_2eng
084 _qDSWL
100 _aUjagar, Singh
_9825325
245 0 _aStudy of welfare facilities provided by employees benefit fund trust DCM
_cby Singh Ujagar
260 _aDelhi
_c1953
300 _aiv,52p.
942 _cTEXL
999 _c1439429
_d1439429